Statistiken für Top 75 Städte in Kalifornien

Klicken Sie hier um das Quiz zu spielen!

Allgemein

  • Dieses Quiz wurde 63 mal gespielt
  • Das Durchschnittsergebnis liegt bei 9 aus 75

Antwortstatistiken

Antwort% Korrekt
Los Angeles
98%
San Francisco
95%
Sacramento
93%
San Diego
93%
San Jose
66%
Fresno
45%
Anaheim
43%
Oakland
39%
Long Beach
30%
Bakersfield
25%
Pasadena
21%
San Bernardino
20%
Santa Ana
18%
Riverside
14%
Berkeley
13%
Burbank
13%
Huntington Beach
13%
Glendale
11%
Oxnard
11%
Santa Clara
11%
Carlsbad
9%
Fremont
9%
Visalia
9%
Orange
7%
Santa Maria
7%
Stockton
7%
Thousand Oaks
7%
Oceanside
5%
Salinas
5%
San Mateo
5%
Santa Clarita
5%
Torrance
5%
Vallejo
5%
El Monte
4%
Inglewood
4%
Irvine
4%
Modesto
4%
Moreno Valley
4%
Santa Rosa
4%
Ventura
4%
Concord
2%
Corona
2%
Elk Grove
2%
Garden Grove
2%
Lancaster
2%
Norwalk
2%
Ontario
2%
Pomona
2%
Rancho Cucamonga
2%
Sunnyvale
2%
Vista
2%
Antioch
0%
Chula Visa
0%
Clovis
0%
Costa Mesa
0%
Daly City
0%
Downey
0%
East Los Angeles
0%
El Cajon
0%
Escondido
0%
Fairfield
0%
Fontana
0%
Fullerton
0%
Hayward
0%
Jurupa Valley
0%
Murrieta
0%
Palmdale
0%
Rialto
0%
Richmond
0%
Roseville
0%
Simi Valley
0%
Temecula
0%
Vacaville
0%
Victorville
0%
West Covina
0%

Verteilung der Resultate

Perzentil nach korrekt beantworteten Fragen

Anzahl Personen mit jedem Resultat

Ihre Resultats-Entwicklung

Sie haben dieses Quiz noch nicht gespielt